000 01298nam a2200325Ia 4500
001 ebr10315410
003 CaPaEBR
006 m u
007 cr cn|||||||||
008 000901s2001 cau s 001 0 eng d
010 _z 00011248
020 _z9781583762059
020 _z1583762051 (acid-free paper)
040 _aCaPaEBR
_cCaPaEBR
035 _a(OCoLC)646813218
050 1 4 _aHF5386
_b.T8137 2001eb
100 1 _aTracy, Brian.
245 1 4 _aThe 21 success secrets of self-made millionaires
_h[electronic resource] :
_bhow to achieve financial independence faster and easier than you ever thought possible /
_cby Brian Tracy.
246 3 0 _aTwenty-one success secrets of self-made millionaires
250 _a1st ed.
260 _aSan Francisco :
_bBerrett-Koehler Pub.,
_cc2001.
300 _aix, 83 p.
500 _aIncludes index.
533 _aElectronic reproduction.
_bPalo Alto, Calif. :
_cebrary,
_d2009.
_nAvailable via World Wide Web.
_nAccess may be limited to ebrary affiliated libraries.
650 0 _aSuccess in business.
650 0 _aMillionaires.
655 7 _aElectronic books.
_2local
710 2 _aebrary, Inc.
856 4 0 _uhttp://site.ebrary.com/lib/rucke/Doc?id=10315410
_zAn electronic book accessible through the World Wide Web; click to view
999 _c57110
_d57110